Biophotonics for medical applications (Record no. 30877)

MARC details
000 -LEADER
fixed length control field 00667nam a2200169 a 4500
008 - FIXED-LENGTH DATA ELEMENTS--GENERAL INFORMATION
fixed length control field 161014s2015 ||||||||||||||||| || u
020 ## - INTERNATIONAL STANDARD BOOK NUMBER
International Standard Book Number 9780857096623
050 ## - LIBRARY OF CONGRESS CALL NUMBER
Classification number QH 515 Bio
100 ## - MAIN ENTRY--PERSONAL NAME
Personal name Meglinski, Igor
245 10 - TITLE STATEMENT
Title Biophotonics for medical applications
Statement of responsibility, etc. Edited By Igor Meglinski
260 ## - PUBLICATION, DISTRIBUTION, ETC.
Place of publication, distribution, etc. Amsterdam:
Name of publisher, distributor, etc. Woodhead Publishing Ltd
Date of publication, distribution, etc. 2015
300 ## - PHYSICAL DESCRIPTION
Extent xv, 385p.: ill.
490 ## -
-- Woodhead publishing series in biomaterials
650 ## - SUBJECT ADDED ENTRY--TOPICAL TERM
Topical term or geographic name entry element PHOTOBIOLOGY
650 ## - SUBJECT ADDED ENTRY--TOPICAL TERM
Topical term or geographic name entry element PHOTONICS
995 ## -
-- MICHAEL CHILUFYA SATA OPEN ACCESS
-- 747215
-- CBU-SCHOOL OF MEDICINE LIBRARY (Ndola)
-- QH 515 Bio
-- 1
-- AVAILABLE
-- Nov 18, 2016
-- 747215
-- Medical Library Open Access Collection
999 ## -
-- 30877
-- 30877
Holdings
Withdrawn status Lost status Source of classification or shelving scheme Damaged status Not for loan Permanent Location Current Location Shelving location Date acquired Total Checkouts Full call number Barcode Date last seen Price effective from Koha item type
          CBU-SCHOOL OF MEDICINE LIBRARY, NDOLA. CBU-SCHOOL OF MEDICINE LIBRARY, NDOLA.   11/30/2022   QH 515 Bio 747215 11/30/2022 11/30/2022 MONOGRAPH